| 000 | 00455nam a22001697a 4500 | ||
|---|---|---|---|
| 003 | NUST - PNEC | ||
| 005 | 20170116181156.0 | ||
| 008 | 160112b xxu||||| |||| 00| 0 eng d | ||
| 020 | _a- | ||
| 040 | _cLIBRARY | ||
| 082 | _a891.439 SID | ||
| 100 |
_915907 _aSadique Salik |
||
| 245 |
_aSalute (Askari zindagi kay mah o saal) _cSadique Salik |
||
| 260 |
_aRawalpindi: _bMaktaba Sarmad; |
||
| 650 |
_915908 _aUrdu Literature _xGeneral |
||
| 942 |
_2ddc _cBK |
||
| 999 |
_c71200 _d71200 |
||